[Event "chess.com IoM Masters"]
[Site "Douglas ENG"]
[Date "2017.09.27"]
[Round "5.29"]
[White "L'Ami, Alina"]
[Black "Vishnu Prasanna, V"]
[Result "0-1"]
[WhiteTitle "IM"]
[BlackTitle "GM"]
[WhiteElo "2286"]
[BlackElo "2543"]
[WhiteFideId "1210246"]
[BlackFideId "5030692"]
[EventDate "2017.09.23"]

1. d4 d5 2. c4 e6 3. Nc3 Nf6 4. cxd5 exd5 5. Bg5 Be6 6. e3 Nbd7 7. Bd3 c6 8.
Nge2 h6 9. Bh4 g5 10. Bg3 Nh5 11. O-O Nxg3 12. Nxg3 Nf6 13. f4 gxf4 14. exf4 Qb6
15. f5 Qxd4+ 16. Kh1 Bd7 17. Qe2+ Kd8 18. Rad1 Bd6 19. Be4 Qe5 20. Qd2 Rg8 21.
Bf3 Qf4 22. Qxf4 Bxf4 23. Nh5 Bg5 24. g3 Ke7 25. h4 Nxh5 26. Bxh5 Bf6 27. Kh2
Be5 28. Ne2 Kf6 29. Rd3 Rae8 30. Nf4 d4 31. Bd1 Bxf4 32. Rxf4 c5 33. b4 b6 34.
bxc5 bxc5 35. Ra3 Re1 36. Ra6+ Ke5 37. Rxa7 Rxd1 38. Rxd7 Rb8 39. Rf2 c4 40.
Re2+ Kf6 41. Ree7 Rb2+ 42. Kh3 h5 43. Rxf7+ Ke5 44. Rfe7+ Kxf5 45. Rf7+ Ke4 46.
Rfe7+ Kf3 47. Rf7+ Ke3 48. Rde7+ Kd2 49. g4 Rh1+ 50. Kg2 Rxh4 51. gxh5 Rxh5 52.
a4 Rg5+ 53. Kf3 d3 54. Rc7 Rb1 55. Rh7 Kc3 56. Rh3 Rf1+ 57. Ke4 Rg4+ 58. Kd5
Rf5+ 59. Ke6 Ra5 60. Rf3 Kc2 0-1

[Event "chess.com IoM Masters"]
[Site "Douglas ENG"]
[Date "2017.09.27"]
[Round "5.33"]
[White "Almasi, Zoltan"]
[Black "Gaponenko, Inna"]
[Result "1-0"]
[WhiteTitle "GM"]
[BlackTitle "IM"]
[WhiteElo "2707"]
[BlackElo "2437"]
[WhiteFideId "702293"]
[BlackFideId "14101181"]
[EventDate "2017.09.23"]

1. Nf3 c5 2. b3 d5 3. Bb2 Nc6 4. e3 a6 5. g3 Qc7 6. c4 dxc4 7. bxc4 Bf5 8. Nc3
e6 9. Nh4 Nh6 10. Nxf5 Nxf5 11. Bh3 Nd6 12. Qa4 O-O-O 13. O-O Kb8 14. Bg2 Ne5
15. Nd5 Qd7 16. Qc2 Nexc4 17. Nc3 Nxb2 18. Qxb2 Nc4 19. Qc2 Ka7 20. Rfd1 Be7 21.
d3 Na3 22. Qb3 c4 23. dxc4 Qc7 24. Ne4 Rxd1+ 25. Rxd1 Rd8 26. Rc1 b6 1-0

[Event "chess.com IoM Masters"]
[Site "Douglas ENG"]
[Date "2017.09.27"]
[Round "5.34"]
[White "Rakesh, Kumar Jena"]
[Black "Akobian, Varuzhan"]
[Result "0-1"]
[WhiteTitle "FM"]
[BlackTitle "GM"]
[WhiteElo "2418"]
[BlackElo "2662"]
[WhiteFideId "5084822"]
[BlackFideId "13300580"]
[EventDate "2017.09.23"]

1. Nf3 Nf6 2. g3 d5 3. Bg2 c6 4. O-O Bf5 5. c4 e6 6. d4 Nbd7 7. Nc3 dxc4 8. Re1
Bb4 9. Bg5 Bxc3 10. bxc3 Be4 11. Qa4 b5 12. Qa3 a5 13. Ne5 Bxg2 14. Kxg2 Ra6 15.
Nxd7 Qxd7 16. e4 Nd5 17. Kg1 Nb6 18. d5 cxd5 19. Rad1 f6 20. Be3 Na4 21. exd5
Qd6 22. Qc1 e5 23. f4 O-O 24. Qc2 Qa3 25. fxe5 fxe5 26. Rf1 Raf6 27. Rxf6 Rxf6
28. Bg5 Rf7 29. d6 Qc5+ 30. Kh1 Qc6+ 31. Qg2 Qxg2+ 32. Kxg2 Rd7 33. Be7 Kf7 34.
Rd5 Nxc3 35. Rxe5 b4 0-1

[Event "chess.com IoM Masters"]
[Site "Douglas ENG"]
[Date "2017.09.27"]
[Round "5.35"]
[White "Bogner, Sebastian"]
[Black "Kiewra, Keaton F"]
[Result "1-0"]
[WhiteTitle "GM"]
[BlackTitle "IM"]
[WhiteElo "2599"]
[BlackElo "2433"]
[WhiteFideId "4692055"]
[BlackFideId "2019280"]
[EventDate "2017.09.23"]

1. d4 Nf6 2. Nf3 g6 3. c4 Bg7 4. g3 d5 5. cxd5 Nxd5 6. Bg2 Nb6 7. O-O Nc6 8. e3
O-O 9. Nc3 Re8 10. Nh4 e5 11. d5 Na5 12. Rb1 Bd7 13. e4 c6 14. b3 cxd5 15. exd5
g5 16. Nf3 Bf5 17. Bxg5 f6 18. Be3 Bxb1 19. Qxb1 e4 20. Nxe4 Qxd5 21. Nfg5 fxg5
22. Nxg5 Qe5 23. Qxh7+ Kf8 24. Qg6 Kg8 25. Qh7+ Kf8 26. Qg6 Kg8 27. Rd1 Red8 28.
Qf7+ Kh8 29. Qh5+ Kg8 30. Qf7+ Kh8 31. Qh5+ Kg8 32. Qh7+ Kf8 33. Bc5+ Qxc5 34.
Rxd8+ 1-0

[Event "chess.com IoM Masters"]
[Site "Douglas ENG"]
[Date "2017.09.27"]
[Round "5.36"]
[White "Tregubov, Pavel V."]
[Black "Sundararajan, Kidambi"]
[Result "1/2-1/2"]
[WhiteTitle "GM"]
[BlackTitle "GM"]
[WhiteElo "2589"]
[BlackElo "2426"]
[WhiteFideId "4115341"]
[BlackFideId "5005370"]
[EventDate "2017.09.23"]

1. d4 d5 2. c4 c6 3. cxd5 cxd5 4. Bf4 Nc6 5. e3 Nf6 6. Nc3 a6 7. Bd3 Bg4 8. Nge2
e6 9. O-O Bd6 10. f3 Bh5 11. Na4 Bg6 12. Nc5 Bxc5 13. dxc5 e5 14. Bg5 O-O 15.
Rc1 Re8 16. a3 Qd7 17. Bxf6 gxf6 18. Ng3 Rad8 19. Kh1 f5 20. Bc2 d4 21. exd4
Nxd4 22. Ba4 Nc6 23. Qxd7 Rxd7 24. Rfd1 Red8 25. Rxd7 Rxd7 26. Rd1 Rd4 27. Rxd4
Nxd4 28. Kg1 Kf8 29. Kf2 Ke7 30. Ne2 Ne6 31. b4 f4 32. Bb3 Kd7 33. Bd5 Kc7 34.
g3 fxg3+ 35. hxg3 Ng7 36. Nc3 Nf5 37. Bc4 Nd4 38. Nd5+ Kd7 39. Nf6+ Ke7 40. Ng4
f6 41. Bd5 Nc6 42. Ke3 Bf7 43. Be4 Bg6 44. Nf2 Ke6 45. f4 Bxe4 46. Nxe4 Ne7 47.
fxe5 Kxe5 48. Nd6 b5 49. Ne8 Nc6 50. Nc7 a5 51. bxa5 Nxa5 52. Nxb5 Kd5 53. Kf4
Kxc5 54. Nc3 Nc4 55. Ne4+ Kd5 56. a4 Ke6 57. Nc5+ Kd6 58. Nb3 h5 59. Nd4 Kc5 60.
Nc2 Kb6 61. Ne3 Nd2 62. Nd5+ Ka5 63. Nxf6 Nf1 64. Nxh5 Nxg3 65. Nxg3 Kxa4 1/2-1/2

[Event "chess.com IoM Masters"]
[Site "Douglas ENG"]
[Date "2017.09.27"]
[Round "5.37"]
[White "Sunilduth Lyna, Narayanan"]
[Black "Raja, Harshit"]
[Result "1-0"]
[WhiteTitle "GM"]
[WhiteElo "2568"]
[BlackElo "2423"]
[WhiteFideId "5058422"]
[BlackFideId "5089000"]
[EventDate "2017.09.23"]

1. Nf3 c5 2. c4 Nc6 3. d4 cxd4 4. Nxd4 Nf6 5. Nc3 e6 6. g3 Qb6 7. Ndb5 Ne5 8.
Bg2 a6 9. Na4 Qa5+ 10. Nbc3 Nxc4 11. O-O Bb4 12. a3 Bxc3 13. Nxc3 O-O 14. Qd4 d5
15. Bg5 Qd8 16. e4 h6 17. Bxf6 Qxf6 18. Qxf6 gxf6 19. exd5 Nxb2 20. Rfb1 Nc4 21.
Rb4 Ne5 22. f4 Nd3 23. Rd4 Nc5 24. Rc4 Nb3 25. Re1 Rd8 26. Rc7 Rd7 27. Rxd7 Bxd7
28. Ne4 Kg7 29. Nd6 Rb8 30. dxe6 fxe6 31. Nxb7 Rc8 32. Rd1 Ba4 33. Nd8 Nc5 34.
Rd6 Bb3 35. Nc6 Ba4 36. Nd4 Kf7 37. f5 e5 38. Ne6 Nxe6 39. Bd5 Rc1+ 40. Kf2 Rc2+
41. Ke3 Bb5 42. a4 Re2+ 43. Kf3 e4+ 44. Kg4 Rxh2 45. Rxe6 Bd7 46. Rxa6+ Ke7 47.
Be6 Be8 48. Kf4 Rg2 49. Bd5 Rb2 50. Re6+ Kd8 51. a5 1-0

[Event "chess.com IoM Masters"]
[Site "Douglas ENG"]
[Date "2017.09.27"]
[Round "5.38"]
[White "Brunello, Sabino"]
[Black "Tarjan, James"]
[Result "1/2-1/2"]
[WhiteTitle "GM"]
[BlackTitle "GM"]
[WhiteElo "2555"]
[BlackElo "2412"]
[WhiteFideId "813613"]
[BlackFideId "2000180"]
[EventDate "2017.09.23"]

1. e4 e5 2. Nf3 Nc6 3. Bc4 Nf6 4. d3 Be7 5. O-O O-O 6. a4 d6 7. a5 a6 8. Nbd2 h6
9. c3 Be6 10. Re1 Qd7 11. Nf1 Rfe8 12. Ng3 d5 13. Bb3 dxe4 14. dxe4 Qxd1 15.
Bxd1 b5 16. axb6 cxb6 17. Be2 b5 18. b4 Reb8 19. Be3 Ng4 20. Bd2 Bf8 21. h3 Nf6
22. Be3 g6 23. Nd2 Nd7 24. Bg4 Bxg4 25. hxg4 a5 26. bxa5 Nxa5 27. Reb1 Kg7 28.
f3 b4 29. Ne2 Nc6 30. Rxa8 Rxa8 31. Nb3 bxc3 32. Nxc3 Rb8 33. Kf2 Be7 34. Nd5
Bg5 35. Nd2 Rxb1 36. Nxb1 Bxe3+ 37. Kxe3 Nc5 38. Nd2 Ne6 39. Nc4 g5 40. Nd6 Kg6
41. Kd2 Nf4 42. Ne3 Nd4 43. Kc3 f6 44. Kc4 h5 45. gxh5+ Kxh5 46. Ne8 Kg6 47. Kc5
Kf7 48. Nc7 Nfe6+ 49. Nxe6 Nxe6+ 50. Kc4 1/2-1/2

[Event "chess.com IoM Masters"]
[Site "Douglas ENG"]
[Date "2017.09.27"]
[Round "5.39"]
[White "Eggleston, David J"]
[Black "Lampert, Jonas"]
[Result "1/2-1/2"]
[WhiteTitle "IM"]
[BlackTitle "IM"]
[WhiteElo "2400"]
[BlackElo "2514"]
[WhiteFideId "412120"]
[BlackFideId "1303759"]
[EventDate "2017.09.23"]

1. c4 e6 2. d4 d5 3. Nc3 Bb4 4. e3 Nf6 5. Nf3 O-O 6. Bd3 b6 7. O-O Ba6 8. Qe2 c5
9. dxc5 dxc4 10. Bxc4 Bxc4 11. Qxc4 Bxc5 12. Rd1 Qc8 13. b3 Be7 14. Ne5 Qxc4 15.
Nxc4 Nc6 16. Bb2 Rfd8 17. h3 Nb4 18. Ne5 Rac8 19. Rac1 Rxd1+ 20. Rxd1 Nfd5 21.
Nxd5 Nxd5 22. Rc1 Rxc1+ 23. Bxc1 Nc3 24. Bd2 Nxa2 25. Nc6 Bf6 26. Nxa7 Bc3 27.
Bxc3 Nxc3 28. Kf1 Kf8 29. Nc6 Ke8 30. Ke1 f6 31. f3 Kd7 32. Nb4 Kd6 33. Kd2 Nb5
34. Kd3 e5 35. g4 g6 36. f4 exf4 1/2-1/2

[Event "chess.com IoM Masters"]
[Site "Douglas ENG"]
[Date "2017.09.27"]
[Round "5.40"]
[White "Kavutskiy, Konstantin"]
[Black "Nihal, Sarin"]
[Result "1-0"]
[WhiteTitle "IM"]
[BlackTitle "IM"]
[WhiteElo "2390"]
[BlackElo "2483"]
[WhiteFideId "2026384"]
[BlackFideId "25092340"]
[EventDate "2017.09.23"]

1. d4 Nf6 2. c4 e6 3. Nf3 d5 4. Nc3 Bb4 5. Bg5 dxc4 6. g3 O-O 7. Bg2 h6 8. Bxf6
Qxf6 9. O-O Nc6 10. e3 Rd8 11. Nd2 e5 12. d5 Ne7 13. Nxc4 Bxc3 14. bxc3 Nxd5 15.
Bxd5 Be6 16. e4 c6 17. Ne3 cxd5 18. exd5 Bd7 19. c4 Rac8 20. a4 Qd6 21. Qd3 Re8
22. Rfc1 g6 23. Rab1 Rc7 24. a5 Rec8 25. h4 h5 26. Qd2 f5 27. Qb4 Rc5 28. Qxb7
f4 29. Nf1 Bf5 30. Rb2 Rxa5 31. Re1 Ra4 32. Nd2 Rf8 33. gxf4 e4 34. Qb3 Qxf4 35.
Qg3 Qxg3+ 36. fxg3 Ra3 37. Nxe4 Rd3 38. Rf2 Rd8 39. Nf6+ Kg7 40. Nxh5+ Kh6 41.
g4 Bxg4 42. Nf6 Bf3 43. Re7 g5 44. hxg5+ Kxg5 45. Ne4+ Kg4 46. Nd2 Rg8 47. Re6
Kh5+ 48. Kf1 Bg4 49. Re5+ Rg5 50. Rxg5+ Kxg5 51. Ne4+ Kg6 52. Rf6+ Kg7 53. Rf4
Bh5 54. Nc5 Rd1+ 55. Kf2 Bf7 56. Ke2 Bh5+ 57. Ke3 a5 58. Rd4 Re1+ 59. Kd2 Re2+
60. Kc3 Re3+ 61. Rd3 Rxd3+ 62. Nxd3 Kf6 63. Kd4 a4 64. c5 a3 65. Nb4 Bd1 66. c6
Ke7 67. Kc5 Kd8 68. Kb6 Kc8 69. c7 Bg4 70. Nc6 Kd7 71. Ne5+ Kc8 72. Nc4 1-0

[Event "chess.com IoM Masters"]
[Site "Douglas ENG"]
[Date "2017.09.27"]
[Round "5.41"]
[White "Panchanathan, Magesh Chandran"]
[Black "Degtiarev, Evgeny"]
[Result "1-0"]
[WhiteTitle "GM"]
[BlackTitle "IM"]
[WhiteElo "2481"]
[BlackElo "2412"]
[WhiteFideId "5007429"]
[BlackFideId "4149610"]
[EventDate "2017.09.23"]

1. d4 Nf6 2. c4 b6 3. Nc3 Bb7 4. Bg5 e6 5. Nf3 h6 6. Bh4 Be7 7. Qc2 d5 8. cxd5
exd5 9. e3 O-O 10. Be2 Ne4 11. Bxe7 Qxe7 12. O-O Nd7 13. Rfe1 Ndf6 14. Nxe4 dxe4
15. Ne5 c5 16. Bc4 Kh7 17. Qb3 Nd7 18. Nxd7 Qxd7 19. dxc5 bxc5 20. Red1 Qc7 21.
Rd2 a5 22. Rad1 Bc6 23. h3 Rab8 24. Qc2 f5 25. Qc3 Rf6 26. Bd5 Bb5 27. Rc1 Rc8
28. Bc4 Bxc4 29. Qxc4 Rd6 30. Rd5 Rxd5 31. Qxd5 g6 32. Rd1 Re8 33. b3 Kg7 34. h4
h5 35. Qd7+ Re7 36. Qb5 Qa7 37. Rd6 Kh7 38. Qc6 Rc7 39. Qe8 Rg7 40. Rd8 Kh6 41.
Qh8+ Rh7 42. Qf8+ Qg7 43. Qxc5 Qa1+ 44. Kh2 Qf6 45. Qf8+ Qxf8 46. Rxf8 Rb7 47.
Ra8 Rb5 48. Ra7 Rc5 49. Kg3 Rd5 50. Rb7 Rd2 51. a4 Re2 52. Rb5 Rb2 53. Rxa5 Rxb3
54. Ra7 Rb2 55. a5 f4+ 56. exf4 Rb3+ 57. Kh2 Rb2 58. Re7 Ra2 59. Rxe4 Rxa5 60.
Re7 Ra4 61. g3 Ra3 62. Kg2 Rb3 63. Rd7 Rb5 64. Kf3 Ra5 65. Re7 Ra3+ 66. Re3 Ra2
67. Re5 Ra3+ 68. Kg2 Kg7 69. Rg5 Kf6 70. f5 gxf5 71. Rxh5 Rb3 72. Rh6+ Kf7 73.
Rc6 Ra3 74. Kf1 Ra2 75. Rc3 Kg6 76. Kg2 Rb2 77. Rc6+ Kf7 78. Kf3 Ra2 79. Ke3 Ra4
80. Rd6 Re4+ 81. Kf3 Ra4 82. Rd2 Kf6 83. Kg2 Ra3 84. f3 Ra4 85. Rd3 Ra2+ 86. Kh3
Re2 87. Ra3 Re1 88. g4 fxg4+ 89. fxg4 Rh1+ 90. Kg3 Rg1+ 91. Kf4 Rf1+ 92. Rf3 Ra1
93. h5 Rg1 94. Rf2 Rh1 95. Kg3+ Kg5 96. Rf5+ Kh6 97. Rf6+ Kg7 98. Rg6+ Kh7 99.
Kf4 Ra1 100. Re6 Kg7 101. Kf5 Ra5+ 102. Re5 Ra7 103. g5 Rf7+ 104. Kg4 Ra7 105.
h6+ Kg6 106. Re6+ Kh7 107. Kh5 Ra5 108. Re7+ Kg8 109. Kg6 Ra6+ 110. Kf5 Ra1 111.
Kf6 Rf1+ 112. Kg6 Rf8 113. Rg7+ Kh8 114. Rf7 Ra8 115. Rf5 Ra6+ 116. Kh5 Kg8 117.
g6 Ra8 118. h7+ 1-0

[Event "chess.com IoM Masters"]
[Site "Douglas ENG"]
[Date "2017.09.27"]
[Round "5.42"]
[White "Khmelniker, Ilya"]
[Black "Loos, Roland"]
[Result "1-0"]
[WhiteTitle "GM"]
[WhiteElo "2480"]
[BlackElo "2393"]
[WhiteFideId "2805340"]
[BlackFideId "4643232"]
[EventDate "2017.09.23"]

1. d4 e6 2. Nf3 f5 3. g3 Nf6 4. Bg2 d5 5. c4 c6 6. O-O Bd6 7. Qc2 O-O 8. Nc3 Bd7
9. Rb1 Be8 10. b4 Nbd7 11. b5 Bh5 12. bxc6 bxc6 13. c5 Bb8 14. Qb3 Qc8 15. Qb7
Qxb7 16. Rxb7 Bxf3 17. Bxf3 e5 18. e3 Rc8 19. Bd2 Nf8 20. Rfb1 Bc7 21. Bd1 exd4
22. exd4 Ne6 23. Ne2 Ne4 24. Be1 f4 25. Kg2 fxg3 26. hxg3 N6xc5 27. dxc5 Nxc5
28. R7b2 Nd3 29. Rb3 Nxe1+ 30. Kf1 Ba5 31. Ra3 Bb6 32. Kxe1 Rf8 33. Nf4 g5 34.
Nd3 c5 35. Nc1 Rae8+ 36. Kf1 c4 37. Rf3 g4 38. Rf4 Rxf4 39. gxf4 h5 40. Rb5 Rd8
41. Ne2 d4 42. Rxh5 d3 43. Nc3 Bd4 44. Ne4 c3 45. Bb3+ Kg7 46. Nc5 Bxc5 47. Rxc5
c2 48. Kg2 Rd5 49. Rc7+ Kf6 50. Bxd5 d2 51. Rf7+ Kg6 52. Be4+ 1-0

[Event "chess.com IoM Masters"]
[Site "Douglas ENG"]
[Date "2017.09.27"]
[Round "5.44"]
[White "Bellin, Robert"]
[Black "Visakh, N R"]
[Result "1/2-1/2"]
[WhiteTitle "IM"]
[BlackTitle "IM"]
[WhiteElo "2344"]
[BlackElo "2458"]
[WhiteFideId "400343"]
[BlackFideId "25012223"]
[EventDate "2017.09.23"]

1. Nf3 Nf6 2. e3 g6 3. b4 Bg7 4. Bb2 O-O 5. Be2 d6 6. c4 a5 7. a3 b6 8. O-O Bb7
9. Nc3 Nbd7 10. d4 Ne4 11. Qc2 Ndf6 12. Nxe4 Bxe4 13. Qb3 Bb7 14. Rfd1 Qd7 15.
Nd2 e6 16. Qc2 Qe7 17. Bc3 axb4 18. axb4 e5 19. d5 Nd7 20. b5 f5 21. Nb3 e4 22.
Qb2 Bxc3 23. Qxc3 Qg7 24. Qxg7+ Kxg7 25. h4 Kf6 26. g3 Ke7 27. Rxa8 Rxa8 28. Ra1
Rxa1+ 29. Nxa1 Nc5 30. Kf1 h6 31. Ke1 Bc8 32. Nc2 Kf6 33. Nb4 g5 34. hxg5+ hxg5
35. Kd2 g4 36. Bf1 Bb7 37. Be2 Ke7 38. Bf1 Nd7 39. Nc2 Ne5 40. Be2 Bc8 41. Nb4
Bd7 42. Na6 Kd8 43. Nb4 Nf7 44. Nc2 Ne5 1/2-1/2

[Event "chess.com IoM Masters"]
[Site "Douglas ENG"]
[Date "2017.09.27"]
[Round "5.45"]
[White "Christiansen, Johan-Sebastian"]
[Black "Karavade, Eesha"]
[Result "1/2-1/2"]
[WhiteTitle "IM"]
[BlackTitle "IM"]
[WhiteElo "2457"]
[BlackElo "2384"]
[WhiteFideId "1512668"]
[BlackFideId "5012600"]
[EventDate "2017.09.23"]

1. Nf3 d5 2. c4 d4 3. e3 Nc6 4. exd4 Nxd4 5. Nxd4 Qxd4 6. Nc3 c6 7. d3 Nh6 8.
Ne2 Qd6 9. d4 Nf5 10. a3 e5 11. d5 cxd5 12. cxd5 Qg6 13. Ng3 Nd4 14. Bd3 Qd6 15.
O-O Qxd5 16. Re1 Be6 17. Be4 Qd7 18. Qh5 Bd6 19. Be3 O-O-O 20. Bxd4 exd4 21. Nf5
g6 22. Nxd6+ Qxd6 23. Qb5 Qb6 24. Qe5 Qd6 25. Qb5 Qb6 26. Qe5 Qd6 27. Qb5 1/2-1/2

[Event "chess.com IoM Masters"]
[Site "Douglas ENG"]
[Date "2017.09.27"]
[Round "5.46"]
[White "Kjartansson, Gudmundur"]
[Black "Jessel, Stephen"]
[Result "0-1"]
[WhiteTitle "IM"]
[BlackTitle "FM"]
[WhiteElo "2456"]
[BlackElo "2334"]
[WhiteFideId "2301318"]
[BlackFideId "628859"]
[EventDate "2017.09.23"]

1. d4 b6 2. e4 Bb7 3. Bd3 e6 4. Nf3 d6 5. O-O Nd7 6. c4 g6 7. Bg5 Ne7 8. Nc3 h6
9. Bd2 Bg7 10. b4 g5 11. h3 Ng6 12. Re1 e5 13. Be3 exd4 14. Nxd4 c5 15. bxc5
dxc5 16. Ndb5 O-O 17. Qc2 Qf6 18. Rac1 Nf4 19. Bf1 Ne5 20. Qd1 Rfd8 21. Nd5 Bxd5
22. cxd5 Qg6 23. f3 h5 24. h4 Bh6 25. hxg5 Qxg5 26. Bxf4 Qxf4 27. Rc3 Qh4 28. f4
Ng4 29. Rh3 Qf2+ 30. Kh1 Qxf4 31. Qf3 Nf2+ 32. Kg1 Nxh3+ 33. Qxh3 Qg4 34. d6
Qxh3 35. gxh3 f6 36. Bc4+ Kh8 37. e5 fxe5 38. Rxe5 a6 39. Nc7 Ra7 40. Ne8 Bf4
41. Re6 b5 42. Bd3 Bxd6 43. Nxd6 Rad7 44. Nxb5 Rxd3 45. Rxa6 Rd2 46. Rh6+ Kg7
47. Rxh5 Rc2 48. Rg5+ Kf6 49. Rg2 Rd1+ 50. Kh2 Rdd2 51. Rxd2 Rxd2+ 52. Kg3 Rxa2
53. Kf4 Ra4+ 54. Ke3 Ke5 55. Kd3 Rh4 56. Nc3 c4+ 57. Kc2 Rxh3 58. Nb5 Kd5 59.
Nc3+ Kd4 60. Ne2+ Kc5 61. Nf4 Rf3 62. Ne2 Kb4 63. Nd4 Rf2+ 64. Kc1 Kc3 65. Nb5+
Kd3 0-1

[Event "chess.com IoM Masters"]
[Site "Douglas ENG"]
[Date "2017.09.27"]
[Round "5.47"]
[White "Vaishali, R"]
[Black "Esserman, Marc"]
[Result "1/2-1/2"]
[WhiteTitle "WIM"]
[BlackTitle "IM"]
[WhiteElo "2329"]
[BlackElo "2453"]
[WhiteFideId "5091756"]
[BlackFideId "2018616"]
[EventDate "2017.09.23"]

1. Nf3 Nf6 2. g3 g6 3. Bg2 Bg7 4. O-O O-O 5. d4 d6 6. c4 c6 7. Nc3 Qa5 8. e4 e5
9. d5 cxd5 10. cxd5 b5 11. Nd2 b4 12. Nb3 Qb6 13. Be3 Qb7 14. Ne2 a5 15. f3 Bd7
16. Rf2 a4 17. Nd2 Rc8 18. Rc1 Bb5 19. Rxc8+ Qxc8 20. Nc1 a3 21. Ndb3 axb2 22.
Rxb2 Nbd7 23. Rc2 Qb7 24. Bf1 Ba4 25. Rc4 Bxb3 26. axb3 Nc5 27. Nd3 Nxd3 28.
Qxd3 Nd7 29. Qd2 Rb8 30. Rc6 Nc5 31. Bc4 Bf8 32. h4 Qa8 33. Qb2 Rc8 34. Bxc5
Rxc6 35. dxc6 dxc5 36. Bd5 Bd6 37. Qe2 Qa1+ 38. Kg2 Kg7 39. h5 gxh5 40. Qd2 f6
41. Be6 Qd4 42. Qa2 c4 43. Bxc4 Bc5 44. Kh3 Qd1 45. Be6 Qh1+ 46. Qh2 Qxh2+ 47.
Kxh2 Bb6 1/2-1/2

[Event "chess.com IoM Masters"]
[Site "Douglas ENG"]
[Date "2017.09.27"]
[Round "5.48"]
[White "Neelotpal, Das"]
[Black "Yoo, Christopher Woojin"]
[Result "1-0"]
[WhiteTitle "GM"]
[BlackTitle "FM"]
[WhiteElo "2448"]
[BlackElo "2254"]
[WhiteFideId "5003512"]
[BlackFideId "30909694"]
[EventDate "2017.09.23"]

1. e4 e5 2. Nf3 Nc6 3. Bc4 Bc5 4. O-O Nf6 5. d3 O-O 6. Re1 d6 7. c3 a6 8. Bg5 h6
9. Bh4 g5 10. Bg3 Ba7 11. Bb3 g4 12. Bh4 gxf3 13. Qxf3 Kg7 14. Nd2 h5 15. h3 Be6
16. Qg3+ Kh8 17. Qf3 Kg7 18. Nf1 Nb8 19. Ng3 Rh8 20. d4 exd4 21. Bxe6 fxe6 22.
e5 dxe5 23. Rxe5 Nbd7 24. Rxe6 d3 25. Re7+ Qxe7 26. Nf5+ Kf7 27. Nxe7 Kxe7 28.
Rd1 Rad8 29. Rxd3 Rhf8 30. Qxb7 Bb6 31. Qe4+ Kf7 32. Qf5 Ke7 33. c4 a5 34. c5
Bxc5 35. Rxd7+ Rxd7 36. Qxc5+ Ke8 37. Qxa5 Kf7 38. Qf5 Rd6 39. Bxf6 Rxf6 40.
Qh7+ Ke6 41. Qxc7 Rf5 42. b4 Re5 43. b5 Rf7 44. Qc6+ Kf5 45. b6 Ree7 46. a4 h4
47. a5 Kg5 48. Qc5+ Kg6 49. Qd4 1-0

[Event "chess.com IoM Masters"]
[Site "Douglas ENG"]
[Date "2017.09.27"]
[Round "5.49"]
[White "Lubbe, Nikolas"]
[Black "Paul, Johannes"]
[Result "1-0"]
[WhiteTitle "IM"]
[BlackTitle "FM"]
[WhiteElo "2515"]
[BlackElo "2335"]
[WhiteFideId "4694031"]
[BlackFideId "24622087"]
[EventDate "2017.09.23"]

1. Nf3 Nf6 2. c4 c5 3. Nc3 e6 4. g3 b6 5. Bg2 Bb7 6. O-O Be7 7. Re1 Ne4 8. Nxe4
Bxe4 9. d3 Bb7 10. e4 Nc6 11. d4 Nxd4 12. Nxd4 cxd4 13. Qxd4 O-O 14. b3 Bc5 15.
Qd2 a5 16. Bb2 f5 17. Bd4 Bb4 18. Bc3 Bc5 19. e5 Bxg2 20. Kxg2 f4 21. f3 Qg5 22.
Re4 Qh5 23. Rxf4 g5 24. Rg4 h6 25. Rf1 Rf7 26. Qd3 Raf8 27. h3 Rg7 28. Bd4 Qe8
29. Bxc5 bxc5 30. Qe3 Qe7 31. f4 Qf7 32. Rf2 Qg6 33. fxg5 Rxf2+ 34. Qxf2 h5 35.
Rf4 Qxg5 36. Qe3 Qg6 37. Rf3 Qc2+ 38. Rf2 Qg6 39. Qf4 Qd3 40. g4 h4 41. Qf3 Qd4
42. Qf8+ Kh7 43. Qf6 a4 44. Qxh4+ Kg8 45. Qg3 Qe4+ 46. Qf3 Qxe5 47. bxa4 Qd4 48.
Qe2 Qc3 49. Rf3 Qa5 50. Qf2 Qxa4 51. Rf8+ Kh7 52. Qh4+ 1-0

[Event "chess.com IoM Masters"]
[Site "Douglas ENG"]
[Date "2017.09.27"]
[Round "5.50"]
[White "Olafsson, Helgi"]
[Black "Rapport, Jovana"]
[Result "1-0"]
[WhiteTitle "GM"]
[BlackTitle "WGM"]
[WhiteElo "2512"]
[BlackElo "2327"]
[WhiteFideId "2300010"]
[BlackFideId "937266"]
[EventDate "2017.09.23"]

1. c4 Nf6 2. Nc3 d6 3. d4 Nbd7 4. e4 e5 5. d5 Nc5 6. f3 a5 7. Be3 Be7 8. Qd2 h6
9. O-O-O Nfd7 10. g3 Bg5 11. f4 Bf6 12. f5 Bg5 13. Nf3 Bxe3 14. Qxe3 Nf6 15.
Nxe5 Qe7 16. Nd3 Bxf5 17. Nxc5 dxc5 18. Re1 Bg6 19. e5 Ng4 20. Qf4 Qg5 21. Kd2
Qxf4+ 22. gxf4 h5 23. Bg2 O-O-O 24. Be4 Bxe4 25. Nxe4 b6 26. Re2 Nh6 27. Rg1 Nf5
28. Rg5 g6 29. Nf6 Nd4 30. Rf2 h4 31. Ke3 Kb7 32. Ke4 a4 33. Rd2 Rh6 34. Rxd4
cxd4 35. Kxd4 Rf8 36. h3 c5+ 37. Ke4 Kc7 38. f5 a3 39. b3 Rb8 40. Kf4 b5 41.
fxg6 Rxg6 42. Rxg6 fxg6 43. e6 bxc4 44. bxc4 g5+ 45. Ke5 g4 46. d6+ Kc6 47. e7
gxh3 48. d7 1-0

[Event "chess.com IoM Masters"]
[Site "Douglas ENG"]
[Date "2017.09.27"]
[Round "5.51"]
[White "Ragnarsson, Dagur"]
[Black "Zumsande, Martin"]
[Result "0-1"]
[WhiteTitle "FM"]
[BlackTitle "IM"]
[WhiteElo "2340"]
[BlackElo "2471"]
[WhiteFideId "2304058"]
[BlackFideId "4651324"]
[EventDate "2017.09.23"]

1. Nf3 d5 2. g3 Nf6 3. Bg2 e6 4. O-O Be7 5. d3 O-O 6. Nbd2 c5 7. e4 Nc6 8. Re1
b5 9. e5 Nd7 10. Nf1 b4 11. h4 a5 12. h5 Ba6 13. h6 g6 14. N1h2 Qc7 15. Ng4 Rfc8
16. Bf4 Qd8 17. Qc1 Nd4 18. Ngh2 a4 19. Qd1 b3 20. cxb3 axb3 21. Nxd4 cxd4 22.
Nf3 Qb6 23. Qxb3 Qxb3 24. axb3 Bxd3 25. Nxd4 Rxa1 26. Rxa1 g5 27. Bd2 Nxe5 28.
Bc3 Bd6 29. f4 gxf4 30. gxf4 Ng6 31. f5 Nf4 32. fxe6 fxe6 33. Nxe6 Nxe6 34. Bxd5
Kf7 35. Re1 Re8 36. Be5 Bxe5 37. Rxe5 Kf6 38. Re3 Bf5 39. Kf2 Rd8 40. Bc4 Rd2+
41. Re2 Rd4 42. Ke3 Rh4 43. Kd2 Rxh6 44. b4 Rh4 45. Kc3 Rh3+ 46. Kd2 Nd4 47. Re3
Rxe3 48. Kxe3 Nc2+ 49. Kd2 Nxb4 50. Kc3 Nc6 51. b4 Ne5 52. Bf1 Be4 53. Kd4 Kf5
54. b5 Kf4 55. Kc5 h5 56. Kd6 h4 57. b6 Nf3 58. Kc7 Nd2 59. Bh3 Nc4 60. b7 Bxb7
61. Kxb7 Kg3 62. Be6 Ne5 63. Kb6 Ng4 64. Bd5 h3 65. Kc5 Ne3 66. Bh1 Ng2 67. Kd4
Kh2 68. Kd3 Kxh1 69. Ke2 Kg1 0-1

[Event "chess.com IoM Masters"]
[Site "Douglas ENG"]
[Date "2017.09.27"]
[Round "5.52"]
[White "Paehtz, Elisabeth"]
[Black "Allen, Keith"]
[Result "1-0"]
[WhiteTitle "IM"]
[WhiteElo "2453"]
[BlackElo "2231"]
[WhiteFideId "4641833"]
[BlackFideId "2501147"]
[EventDate "2017.09.23"]

1. e4 e5 2. Nf3 Nc6 3. Bb5 a6 4. Ba4 Nf6 5. d4 exd4 6. O-O Be7 7. e5 Ne4 8. Re1
Nc5 9. Bxc6 dxc6 10. Nxd4 Ne6 11. Nf5 Qxd1 12. Rxd1 Bd7 13. Nc3 a5 14. b3 Bf8
15. Be3 h5 16. Ne4 h4 17. f4 Nxf4 18. Rxd7 Nd5 19. Rxd5 cxd5 20. Ng5 g6 21. Nd4
Bg7 22. Ndf3 O-O 23. Rd1 c6 24. Rd4 Rfe8 25. Rxh4 Bxe5 26. Nxe5 f6 27. Ng4 fxg5
28. Rh3 Kf7 29. Rh7+ Ke6 30. Rxb7 a4 31. h3 axb3 32. axb3 Ra2 33. c3 Rc2 34. Bd4
Kd6 35. Kh2 Re4 36. b4 Rce2 37. Rg7 1-0